000 00744nam a2200241Ia 4500
003 OSt
005 20220926015001.0
006 a|||||r|||| 00| 0
007 ta
008 220923b |||||||| |||| 00| 0 eng d
037 _cGeneral Book
040 _aRTL
_cRTL
_beng
041 _2eng
_aeng
082 _aX:(G:55), L5
100 _aMills Edwin S. Ed.
_9321392
245 0 _aEconomic analysis of environmental problems
260 _aNew York
_bNational Bureau of Economic Research U. S. A.
_c1975
300 _axii, 472p.
_ccm.
490 _aUniversities - National Bureau Conference Series, 26.
650 _aEnvironmental Economics
942 _hX:(G:55), L5
_cGB
_2CC
999 _c630284
_d630284